[Event "Cto. FACV Ind. Primera Xeraco 2014"]
[Site "Xeraco ESP"]
[Date "2014.10.04"]
[Round "2.1"]
[White "Marques Chaveli, Francisco"]
[Black "Colomar Alemany, David"]
[Result "1-0"]
[WhiteElo "1882"]
[BlackElo "1804"]
[PlyCount "127"]
[EventDate "2014.09.27"]
[EventType "swiss"]
[EventRounds "7"]
[EventCountry "ESP"]
[Source "lmi"]
[SourceDate "2014.09.27"]

1. e4 e6 2. d4 d5 3. Nc3 Nf6 4. e5 Nfd7 5. f4 c5 6. Nf3 Nc6 7. Be3 Qb6 8. Na4
Qa5+ 9. c3 cxd4 10. b4 Nxb4 11. cxb4 Bxb4+ 12. Bd2 Bxd2+ 13. Nxd2 b5 14. Nb2
Nc5 15. Bd3 Ne4 16. Bxe4 dxe4 17. O-O Bb7 18. Nb3 Qa3 19. Qxd4 Rd8 20. Qc5 Qxb2
21. Rad1 Rxd1 22. Rxd1 Qe2 23. Qd6 Bd5 24. Rc1 f6 25. f5 Bc4 26. fxe6 Qd3 27.
Qxd3 exd3 28. exf6 gxf6 29. Nd2 Bxe6 30. Rc7 a6 31. Kf2 Kd8 32. Ra7 Bc8 33. Ke3
Re8+ 34. Kxd3 Re7 35. Rxe7 Kxe7 36. Kd4 Bb7 37. g3 Kd6 38. a3 Bd5 39. Nf1 a5
40. Ne3 Be6 41. Nc2 Kc6 42. Kc3 Kc5 43. Ne1 b4+ 44. axb4+ axb4+ 45. Kb2 Kc4 46.
Ng2 Kd4 47. Nf4 Bc4 48. Nh5 Ke5 49. Nf4 Ke4 50. Nh5 f5 51. Kc2 Ke3 52. Ng7 Ke4
53. Nh5 Bf7 54. Nf6+ Kf3 55. Nxh7 Kg2 56. Ng5 Bc4 57. h4 Kxg3 58. h5 f4 59. h6
Bg8 60. Ne4+ Kg2 61. Nf6 Bh7+ 62. Nxh7 f3 63. Nf6 f2 64. Ng4 1-0

[Event "Cto. FACV Ind. Primera Xeraco 2014"]
[Site "Xeraco ESP"]
[Date "2014.10.04"]
[Round "2.2"]
[White "Valdenebro Orihuel, Miguel"]
[Black "Sifre Montalva, Alfredo"]
[Result "1-0"]
[WhiteElo "1850"]
[BlackElo "1783"]
[PlyCount "137"]
[EventDate "2014.09.27"]
[EventType "swiss"]
[EventRounds "7"]
[EventCountry "ESP"]
[Source "lmi"]
[SourceDate "2014.09.27"]

1. d4 d6 2. Nf3 Nf6 3. Bf4 g6 4. e3 Bg7 5. h3 c5 6. c3 O-O 7. Be2 Nbd7 8. O-O
a6 9. a4 Rb8 10. Nbd2 b5 11. axb5 axb5 12. e4 Bb7 13. e5 Nd5 14. Bh2 dxe5 15.
dxe5 Nc7 16. Qc2 c4 17. Rfd1 Ne6 18. b4 Qc7 19. Re1 Ra8 20. Rxa8 Rxa8 21. Bf1
Ra3 22. Qb2 Ra4 23. Qc2 Nb6 24. Ne4 Nd5 25. Qb2 Qb6 26. Nfg5 Nxg5 27. Nxg5 Qa7
28. Bg3 Nxc3 29. Qxc3 Ra3 30. Qc1 Rxg3 31. Qf4 Rxg5 32. Qxg5 Bd5 33. Qe3 Qxe3
34. Rxe3 e6 35. Re1 Bf8 36. Rb1 Be4 37. Rc1 Bxb4 38. Bxc4 Bd2 39. Rd1 bxc4 40.
Rxd2 c3 41. Rd8+ Kg7 42. Rc8 c2 43. f3 Bd3 44. Kf2 g5 45. Ke3 Bg6 46. Kd2 f6
47. Rc7+ Bf7 48. exf6+ Kxf6 49. Rxc2 h5 50. g3 Bg6 51. Rb2 Bf7 52. Ke3 Bg6 53.
Rb5 Bf7 54. f4 gxf4+ 55. Kxf4 Bg6 56. g4 hxg4 57. hxg4 Bf7 58. Rb7 e5+ 59. Kg3
Bd5 60. Rb5 Bf7 61. Kh4 e4 62. g5+ Kg7 63. Re5 Bg6 64. Re7+ Kf8 65. Ra7 Kg8 66.
Kg3 Kf8 67. Kf4 Kg8 68. Ke5 e3 69. Kf6 1-0

[Event "Cto. FACV Ind. Primera Xeraco 2014"]
[Site "Xeraco ESP"]
[Date "2014.10.04"]
[Round "2.3"]
[White "Villanueva Claramonte, Ramon"]
[Black "Albert Molla, Jose Maria"]
[Result "0-1"]
[WhiteElo "1823"]
[BlackElo "1710"]
[PlyCount "66"]
[EventDate "2014.09.27"]
[EventType "swiss"]
[EventRounds "7"]
[EventCountry "ESP"]
[Source "lmi"]
[SourceDate "2014.09.27"]

1. d4 d5 2. c4 c6 3. Nc3 Nf6 4. Nf3 e6 5. Bg5 Be7 6. e3 O-O 7. Bd3 Nbd7 8. O-O
h6 9. Bh4 Re8 10. Rc1 Qc7 11. Bxf6 Nxf6 12. Ne5 Bd6 13. f4 dxc4 14. Bxc4 a6 15.
a3 c5 16. Ba2 b5 17. Rf3 Qb6 18. Bb1 cxd4 19. exd4 Bb7 20. Rg3 Re7 21. Kh1 Rc8
22. Ng4 Nxg4 23. Qxg4 f5 24. Qh4 Qxd4 25. Qxh6 Bxf4 26. Qh4 Qd6 27. Rd1 Bxg3
28. hxg3 Qc7 29. Ne2 Rd7 30. Rf1 Rd2 31. Nf4 Qd6 32. Ba2 Re8 33. Nxe6 Bxg2+ 0-1

[Event "Cto. FACV Ind. Primera Xeraco 2014"]
[Site "Xeraco ESP"]
[Date "2014.10.04"]
[Round "2.4"]
[White "Bataller Garcia, Adolfo"]
[Black "Fenollar Marti, Jordi"]
[Result "0-1"]
[WhiteElo "1498"]
[BlackElo "1836"]
[PlyCount "90"]
[EventDate "2014.09.27"]
[EventType "swiss"]
[EventRounds "7"]
[EventCountry "ESP"]
[Source "lmi"]
[SourceDate "2014.09.27"]

1. e4 e6 2. d4 d5 3. e5 c5 4. c3 Nc6 5. Nf3 Qb6 6. a3 Nh6 7. Bd3 cxd4 8. cxd4
Nf5 9. Bxf5 exf5 10. b4 Be6 11. O-O h6 12. Nc3 a6 13. Na4 Qc7 14. Bb2 b5 15.
Nc5 Bxc5 16. bxc5 O-O 17. Bc3 Rfb8 18. Qd2 Rb7 19. Rfb1 Rab8 20. Ne1 Kh7 21.
Nd3 a5 22. f4 Rg8 23. Rb2 Rgb8 24. Rab1 Qd8 25. Qe1 g5 26. fxg5 hxg5 27. Qf2 f4
28. Qf3 Bf5 29. Qh5+ Kg7 30. Rd1 Bg6 31. Qf3 b4 32. axb4 axb4 33. Nxb4 Nxb4 34.
Bxb4 Rxb4 35. Rxb4 Rxb4 36. Qc3 Qb8 37. c6 Rc4 38. Qa3 Qc7 39. e6 fxe6 40. Re1
Rxc6 41. Qh3 Bf5 42. Qh5 Qd8 43. g3 Qf6 44. Rd1 fxg3 45. hxg3 Rc2 0-1

[Event "Cto. FACV Ind. Primera Xeraco 2014"]
[Site "Xeraco ESP"]
[Date "2014.10.04"]
[Round "2.5"]
[White "Santamaria Bo, Jose Maria"]
[Black "Banuls Perez, Andres"]
[Result "0-1"]
[WhiteElo "1762"]
[BlackElo "1691"]
[PlyCount "84"]
[EventDate "2014.09.27"]
[EventType "swiss"]
[EventRounds "7"]
[EventCountry "ESP"]
[Source "lmi"]
[SourceDate "2014.09.27"]

1. e4 e6 2. d4 d5 3. Nd2 dxe4 4. Nxe4 Nd7 5. Nf3 Ndf6 6. Nc3 Ne7 7. a3 Ned5 8.
Bd3 b6 9. Ne4 c6 10. O-O Be7 11. Qe2 Qc7 12. g3 Nxe4 13. Qxe4 Nf6 14. Qe2 Bb7
15. Ba6 Bxa6 16. Qxa6 O-O 17. Qe2 Rad8 18. c3 c5 19. Bf4 Qb7 20. Rfe1 Nd5 21.
Qe4 Qa8 22. Bg5 Bxg5 23. Nxg5 Nf6 24. Qxa8 Rxa8 25. dxc5 bxc5 26. Rad1 Rfd8 27.
Kf1 Kf8 28. f4 h6 29. Nf3 Ke7 30. Ne5 Rxd1 31. Rxd1 Nd5 32. Ke2 f6 33. Ng4 h5
34. Ne3 Nxe3 35. Kxe3 Rb8 36. b4 cxb4 37. axb4 Rc8 38. Rd3 g6 39. h4 e5 40.
fxe5 fxe5 41. Ke4 Ke6 42. Rd5 Rc4+ 0-1

[Event "Cto. FACV Ind. Primera Xeraco 2014"]
[Site "Xeraco ESP"]
[Date "2014.10.04"]
[Round "2.6"]
[White "Talens Sansaloni, Juan"]
[Black "Cerda Revert, Jose Maria"]
[Result "0-1"]
[WhiteElo "1598"]
[BlackElo "1719"]
[PlyCount "62"]
[EventDate "2014.09.27"]
[EventType "swiss"]
[EventRounds "7"]
[EventCountry "ESP"]
[Source "lmi"]
[SourceDate "2014.09.27"]

1. e4 e6 2. d4 d5 3. Nc3 Nf6 4. e5 Nfd7 5. Nf3 c5 6. dxc5 Bxc5 7. Bd3 Nc6 8.
Bf4 Qb6 9. O-O Qxb2 10. Nb5 Kd8 11. Qe2 Qb4 12. Bd2 Qg4 13. h3 Qh5 14. g4 Qxh3
15. Ng5 Qg3+ 16. Kh1 Qh4+ 17. Kg2 Ndxe5 18. f3 f6 19. Nxh7 Nxf3 20. Qxf3 Ne5
21. Qf4 Qxg4+ 22. Qxg4 Nxg4 23. Bf4 e5 24. Bd2 e4 25. Ng5 Rh2+ 26. Kg3 Rxd2 27.
Bxe4 fxg5 28. Bf5 Ne3 29. Bxc8 Nxf1+ 30. Rxf1 Rxc8 31. Rf7 a6 0-1

[Event "Cto. FACV Ind. Primera Xeraco 2014"]
[Site "Xeraco ESP"]
[Date "2014.10.04"]
[Round "2.7"]
[White "Lopez Rojas, Luis"]
[Black "Sala Espi, Antonio"]
[Result "1-0"]
[WhiteElo "1531"]
[BlackElo "1696"]
[PlyCount "65"]
[EventDate "2014.09.27"]
[EventType "swiss"]
[EventRounds "7"]
[EventCountry "ESP"]
[Source "lmi"]
[SourceDate "2014.09.27"]

1. d4 Nf6 2. c4 g6 3. Nc3 Bg7 4. e4 d6 5. h3 O-O 6. Nf3 c6 7. Bg5 Qa5 8. Qd2
Nbd7 9. Rb1 c5 10. d5 h6 11. Be3 a6 12. Be2 Rb8 13. O-O h5 14. Qc2 Ne8 15. Bg5
Ndf6 16. e5 dxe5 17. Nxe5 Qc7 18. Bf4 Bf5 19. Bd3 Bxd3 20. Qxd3 Nd6 21. Rfe1
Kh7 22. Qe3 Rbe8 23. Nd3 Nd7 24. Ne4 Bd4 25. Qg3 f6 26. Nxd6 exd6 27. Bxd6 Qa5
28. Bxf8 Rxe1+ 29. Rxe1 Ne5 30. Rxe5 fxe5 31. Nxe5 Qe1+ 32. Kh2 Bxe5 33. f4 1-0

[Event "Cto. FACV Ind. Primera Xeraco 2014"]
[Site "Xeraco ESP"]
[Date "2014.10.04"]
[Round "2.8"]
[White "Sanmateu Juan, Sergio"]
[Black "Egea Herrero, Albert"]
[Result "1-0"]
[WhiteElo "1612"]
[BlackElo "1287"]
[PlyCount "75"]
[EventDate "2014.09.27"]
[EventType "swiss"]
[EventRounds "7"]
[EventCountry "ESP"]
[Source "lmi"]
[SourceDate "2014.09.27"]

1. e4 e5 2. Bc4 Nf6 3. d3 d6 4. Nc3 Be7 5. f4 exf4 6. Bxf4 Bg4 7. Nf3 Nc6 8.
O-O Nd4 9. Ne2 Nxf3+ 10. gxf3 Bh3 11. Rf2 c6 12. Be3 d5 13. Bb3 Nh5 14. Nf4
Nxf4 15. Bxf4 Qb6 16. d4 c5 17. Ba4+ Kf8 18. c3 dxe4 19. fxe4 Qg6+ 20. Bg3 Bh4
21. Qf3 Bg4 22. Qf4 Bg5 23. Qxg4 Be3 24. Qxg6 hxg6 25. d5 a6 26. Bd6+ Kg8 27.
Re1 Bxf2+ 28. Kxf2 Rh4 29. Kg3 g5 30. Bxc5 b5 31. Bb3 Re8 32. e5 f5 33. d6+ Kh7
34. e6 Rg4+ 35. Kf3 Rf4+ 36. Kg2 Re4 37. Rxe4 fxe4 38. d7 1-0

[Event "Cto. FACV Ind. Primera Xeraco 2014"]
[Site "Xeraco ESP"]
[Date "2014.10.18"]
[Round "3.1"]
[White "Albert Molla, Jose Maria"]
[Black "Marques Chaveli, Francisco"]
[Result "1-0"]
[WhiteElo "1710"]
[BlackElo "1882"]
[PlyCount "59"]
[EventDate "2014.09.27"]
[EventType "swiss"]
[EventRounds "7"]
[EventCountry "ESP"]
[Source "lmi"]
[SourceDate "2014.09.27"]

1. e4 c5 2. Nf3 d6 3. d4 cxd4 4. Nxd4 Nf6 5. Nc3 h6 6. Be2 e6 7. Be3 Be7 8. O-O
O-O 9. Qd2 Qc7 10. f4 Nc6 11. Bf3 Nxd4 12. Bxd4 e5 13. Be3 exf4 14. Bd4 Be6 15.
Rae1 Nd7 16. Qxf4 Bf6 17. Bxf6 Nxf6 18. Kh1 Rac8 19. Rd1 Rfd8 20. Rd2 Qb6 21.
e5 dxe5 22. Rxd8+ Rxd8 23. Qxe5 Qxb2 24. Qc7 Rf8 25. Ne4 Nxe4 26. Bxe4 b5 27.
Bd3 Qxa2 28. Qe5 Bc4 29. Ra1 f6 30. Qc3 1-0

[Event "Cto. FACV Ind. Primera Xeraco 2014"]
[Site "Xeraco ESP"]
[Date "2014.10.18"]
[Round "3.2"]
[White "Banuls Perez, Andres"]
[Black "Valdenebro Orihuel, Miguel"]
[Result "0-1"]
[WhiteElo "1691"]
[BlackElo "1850"]
[PlyCount "68"]
[EventDate "2014.09.27"]
[EventType "swiss"]
[EventRounds "7"]
[EventCountry "ESP"]
[Source "lmi"]
[SourceDate "2014.09.27"]

1. d4 d5 2. c3 Nf6 3. Nf3 e6 4. Bf4 c5 5. e3 Nc6 6. Bd3 Qb6 7. Qc2 c4 8. Be2
Be7 9. O-O Ne4 10. Nbd2 f5 11. Ne5 Nxd2 12. Qxd2 O-O 13. Bg3 Nxe5 14. Bxe5 Bd7
15. f4 Bd6 16. Bxd6 Qxd6 17. Rf3 b5 18. a3 a5 19. Rff1 Rfb8 20. g4 Ra7 21. gxf5
exf5 22. Bf3 Rab7 23. Rfb1 Bc6 24. Qc2 Qe6 25. Qd2 b4 26. axb4 axb4 27. cxb4
Rxb4 28. Ra3 Rb3 29. Rxb3 Rxb3 30. Re1 Qe7 31. Bd1 Rd3 32. Qe2 Qb4 33. Bc2 Rd2
34. Qh5 Rxc2 0-1

[Event "Cto. FACV Ind. Primera Xeraco 2014"]
[Site "Xeraco ESP"]
[Date "2014.10.18"]
[Round "3.3"]
[White "Fenollar Marti, Jordi"]
[Black "Arlandis Clari, Enrique"]
[Result "0-1"]
[WhiteElo "1836"]
[BlackElo "1894"]
[PlyCount "74"]
[EventDate "2014.09.27"]
[EventType "swiss"]
[EventRounds "7"]
[EventCountry "ESP"]
[Source "lmi"]
[SourceDate "2014.09.27"]

1. d4 d5 2. c4 e6 3. Nc3 Nf6 4. cxd5 exd5 5. Bg5 c6 6. e3 Bf5 7. Qb3 b6 8. Nf3
Nbd7 9. Be2 Be7 10. O-O O-O 11. Rfd1 Ne4 12. Bxe7 Qxe7 13. Rac1 Nd6 14. a4 Bg4
15. h3 Bxf3 16. Bxf3 Nf6 17. Be2 Qb7 18. Rc2 Rac8 19. Bf3 Rfe8 20. Rdc1 a5 21.
Be2 g6 22. Nb1 h5 23. Nd2 Nde4 24. Nxe4 Nxe4 25. Qd3 c5 26. dxc5 Nxc5 27. Qb5
Re7 28. Bf3 Rd8 29. b4 axb4 30. Rd1 b3 31. Rb2 Red7 32. a5 Rd6 33. Rc1 Rc8 34.
axb6 Rxb6 35. Qe2 Na4 36. Rxc8+ Qxc8 37. Rb1 Nc3 0-1

[Event "Cto. FACV Ind. Primera Xeraco 2014"]
[Site "Xeraco ESP"]
[Date "2014.10.18"]
[Round "3.4"]
[White "Cerda Revert, Jose Maria"]
[Black "Villanueva Claramonte, Ramon"]
[Result "0-1"]
[WhiteElo "1719"]
[BlackElo "1823"]
[PlyCount "72"]
[EventDate "2014.09.27"]
[EventType "swiss"]
[EventRounds "7"]
[EventCountry "ESP"]
[Source "lmi"]
[SourceDate "2014.09.27"]

1. e4 c6 2. d4 d5 3. e5 Bf5 4. Bd3 Bxd3 5. Qxd3 e6 6. Nf3 Nd7 7. O-O c5 8. c3
cxd4 9. cxd4 Ne7 10. Bg5 Qb6 11. b3 Nc6 12. Be3 Be7 13. Nc3 a6 14. Ng5 Bxg5 15.
Bxg5 Qxd4 16. Qxd4 Nxd4 17. f4 Rc8 18. Na4 O-O 19. Rf2 Rc6 20. h3 Rfc8 21. Raf1
Rc2 22. Be7 b5 23. Nb2 Ne2+ 24. Rxe2 Rxe2 25. Nd3 Rcc2 26. Rf2 Rxf2 27. Nxf2
Rxa2 28. Nd3 Rd2 29. Nb4 a5 30. Nc6 a4 31. bxa4 bxa4 32. g4 Nb6 33. Bc5 Nc4 34.
Nd4 a3 35. f5 a2 36. Nb3 Rb2 0-1

[Event "Cto. FACV Ind. Primera Xeraco 2014"]
[Site "Xeraco ESP"]
[Date "2014.10.18"]
[Round "3.5"]
[White "Colomar Alemany, David"]
[Black "Sanmateu Juan, Sergio"]
[Result "1-0"]
[WhiteElo "1804"]
[BlackElo "1612"]
[PlyCount "67"]
[EventDate "2014.09.27"]
[EventType "swiss"]
[EventRounds "7"]
[EventCountry "ESP"]
[Source "lmi"]
[SourceDate "2014.09.27"]

1. d4 d5 2. c4 e6 3. Nc3 Nf6 4. Bg5 h6 5. Bh4 Be7 6. e3 O-O 7. Nf3 b6 8. cxd5
exd5 9. Qc2 Bb7 10. Bd3 Nbd7 11. O-O c5 12. Rfe1 Re8 13. Rac1 Ne4 14. Bxe7 Qxe7
15. Bb5 Rad8 16. Ne5 Nef6 17. Qe2 Qd6 18. Qf3 a6 19. Bxd7 Rxd7 20. Nxd7 Qxd7
21. a3 a5 22. Ne2 c4 23. Ng3 b5 24. Qf4 b4 25. Qf5 Qc7 26. axb4 axb4 27. Ra1 c3
28. Qc2 Rc8 29. bxc3 Qc4 30. Ra4 Qxc3 31. Qxc3 bxc3 32. Rc1 Rc6 33. Ra3 c2 34.
Ra2 1-0

[Event "Cto. FACV Ind. Primera Xeraco 2014"]
[Site "Xeraco ESP"]
[Date "2014.10.18"]
[Round "3.6"]
[White "Sifre Montalva, Alfredo"]
[Black "Bataller Garcia, Adolfo"]
[Result "1-0"]
[WhiteElo "1783"]
[BlackElo "1498"]
[PlyCount "41"]
[EventDate "2014.09.27"]
[EventType "swiss"]
[EventRounds "7"]
[EventCountry "ESP"]
[Source "lmi"]
[SourceDate "2014.09.27"]

1. c4 Nf6 2. g3 e6 3. Bg2 d5 4. Nf3 Be7 5. O-O Nc6 6. cxd5 exd5 7. d4 O-O 8.
Nc3 h6 9. Bf4 a6 10. Rc1 Bd6 11. Be5 Be6 12. Bxf6 Qxf6 13. e4 dxe4 14. Nxe4 Qf5
15. Nxd6 cxd6 16. Nh4 Qb5 17. d5 g5 18. dxe6 gxh4 19. exf7+ Kxf7 20. Qxd6 hxg3
21. fxg3+ 1-0

[Event "Cto. FACV Ind. Primera Xeraco 2014"]
[Site "Xeraco ESP"]
[Date "2014.10.18"]
[Round "3.7"]
[White "Santamaria Bo, Jose Maria"]
[Black "Fenollar Bataller, David"]
[Result "1/2-1/2"]
[WhiteElo "1762"]
[BlackElo "1851"]
[PlyCount "65"]
[EventDate "2014.09.27"]
[EventType "swiss"]
[EventRounds "7"]
[EventCountry "ESP"]
[Source "lmi"]
[SourceDate "2014.09.27"]

1. e4 d6 2. Nc3 g6 3. g3 Bg7 4. Bg2 Nf6 5. d3 O-O 6. f4 e5 7. Nf3 Nc6 8. O-O
Bg4 9. Ne2 Qe7 10. h3 Bxf3 11. Bxf3 exf4 12. gxf4 Nd7 13. c3 f5 14. Qb3+ d5 15.
Qxd5+ Kh8 16. e5 Rad8 17. Qb3 Nc5 18. Qc2 Nxd3 19. Bxc6 bxc6 20. Nd4 Nxc1 21.
Raxc1 Qc5 22. Qg2 Rd5 23. Kh2 Re8 24. Rg1 Bh6 25. Rcf1 Qc4 26. Qf2 Red8 27. Qh4
Bg7 28. Rf2 c5 29. Nb3 Kg8 30. Qe7 R8d7 31. Qe8+ Bf8 32. Qe6+ Kg7 33. Qf6+
1/2-1/2

[Event "Cto. FACV Ind. Primera Xeraco 2014"]
[Site "Xeraco ESP"]
[Date "2014.10.18"]
[Round "3.8"]
[White "Egea Herrero, Albert"]
[Black "Alminana Alminana, Ximo"]
[Result "0-1"]
[WhiteElo "1287"]
[BlackElo "1778"]
[PlyCount "106"]
[EventDate "2014.09.27"]
[EventType "swiss"]
[EventRounds "7"]
[EventCountry "ESP"]
[Source "lmi"]
[SourceDate "2014.09.27"]

1. e4 e5 2. Nf3 Nc6 3. Bc4 Bc5 4. Nc3 Nf6 5. d3 O-O 6. Bg5 Be7 7. O-O d6 8. h3
a6 9. a3 Be6 10. Qd2 Bxc4 11. dxc4 b6 12. b4 Nb8 13. Qe3 Nbd7 14. Rad1 a5 15.
Bxf6 Bxf6 16. c5 bxc5 17. bxc5 Nxc5 18. Nb5 Qc8 19. Ne1 Rb8 20. c4 Qb7 21. f3
h6 22. Qc3 Qb6 23. Kh1 a4 24. Nd3 Nb3 25. Qb4 Ra8 26. Nb2 Nc5 27. Nd3 Nxd3 28.
Rxd3 Rfd8 29. Rb1 Be7 30. Qd2 c6 31. Nc3 Qc7 32. Qd1 Qa7 33. Rb4 Rdb8 34. Rxa4
Qc5 35. Rxa8 Rxa8 36. Nb1 Qxc4 37. Rc3 Qa6 38. Qc1 c5 39. Rb3 Bg5 40. Qb2 Qf1+
41. Kh2 Qe1 42. g3 Be3 43. Qg2 c4 44. Rb2 c3 45. Re2 Qxb1 46. Rxe3 c2 47. Rc3
c1=Q 48. Rxc1 Qxc1 49. f4 exf4 50. e5 fxg3+ 51. Qxg3 Rxa3 52. Qg2 Qf4+ 53. Kh1
Ra1+ 0-1

[Event "Cto. FACV Ind. Primera Xeraco 2014"]
[Site "Xeraco ESP"]
[Date "2014.10.25"]
[Round "4.1"]
[White "Valdenebro Orihuel, Miguel"]
[Black "Albert Molla, Jose Maria"]
[Result "1-0"]
[WhiteElo "1850"]
[BlackElo "1710"]
[PlyCount "51"]
[EventDate "2014.09.27"]
[EventType "swiss"]
[EventRounds "7"]
[EventCountry "ESP"]
[Source "lmi"]
[SourceDate "2014.09.27"]

1. d4 Nf6 2. Nf3 d5 3. c4 c6 4. Nc3 e6 5. Qc2 Nbd7 6. Bg5 Be7 7. a3 O-O 8. e3
h6 9. Bh4 Qc7 10. cxd5 cxd5 11. Bg3 Qa5 12. Bd3 a6 13. O-O b5 14. e4 dxe4 15.
Nxe4 Bb7 16. Bc7 Rac8 17. Bxa5 Rxc2 18. Nxf6+ Bxf6 19. Bxc2 Bxf3 20. gxf3 Bxd4
21. Rfd1 e5 22. Bc3 Bxc3 23. bxc3 Nb6 24. Bb3 Rc8 25. Rac1 g6 26. Rd6 1-0

[Event "Cto. FACV Ind. Primera Xeraco 2014"]
[Site "Xeraco ESP"]
[Date "2014.10.25"]
[Round "4.2"]
[White "Marques Chaveli, Francisco"]
[Black "Arlandis Clari, Enrique"]
[Result "1/2-1/2"]
[WhiteElo "1882"]
[BlackElo "1894"]
[PlyCount "155"]
[EventDate "2014.09.27"]
[EventType "swiss"]
[EventRounds "7"]
[EventCountry "ESP"]
[Source "lmi"]
[SourceDate "2014.09.27"]

1. e4 e5 2. Nf3 Nc6 3. Bb5 a6 4. Bxc6 dxc6 5. O-O Bd6 6. d4 exd4 7. Qxd4 f6 8.
e5 Be7 9. Qxd8+ Bxd8 10. Re1 Kf7 11. Nc3 Ne7 12. exf6 gxf6 13. Be3 Nd5 14. Bd4
Bf5 15. Ng5+ Kg6 16. Ne6 Kf7 17. Nxd8+ Raxd8 18. Rac1 Nxc3 19. Bxc3 Rhe8 20.
Kf1 Rxe1+ 21. Kxe1 h5 22. f3 c5 23. Bd2 c4 24. Bf4 c6 25. Ke2 Rd5 26. Bd2 b5
27. a3 Rd8 28. Bb4 Rd5 29. h3 c5 30. Bc3 Rd8 31. Rd1 Re8+ 32. Kd2 Rd8+ 33. Kc1
Re8 34. Rd6 Re6 35. Rd5 Bg6 36. Rd7+ Re7 37. Rxe7+ Kxe7 38. Kd2 Ke6 39. Ba5 Kd5
40. g4 Ke5 41. Bc7+ Kd5 42. c3 hxg4 43. hxg4 Bd3 44. Ke3 Bc2 45. Kf4 Bd1 46.
Bd8 Ke6 47. Kg3 Bc2 48. f4 f5 49. g5 Bd1 50. Kh4 Kf7 51. Bb6 Be2 52. Bxc5 Bd1
53. Kg3 Bh5 54. Kf2 Ke6 55. Ke3 Kd5 56. Bb6 Bg6 57. Kd2 Ke4 58. Bc7 Bf7 59. Kc2
Ke3 60. Kb1 Kd2 61. Ka2 Kc2 62. a4 Kd3 63. axb5 axb5 64. Ka3 Ke4 65. Kb4 Be8
66. Kc5 Kf3 67. Kd5 Kg4 68. Ke6 Bg6 69. Kf6 Kh5 70. Bd6 Bh7 71. Kf7 Bg6+ 72.
Ke7 Kg4 73. Be5 Kh5 74. Bb8 Kg4 75. Kd7 Kh5 76. Be5 Bf7 77. Ke7 Bg6 78. Kf8
1/2-1/2

[Event "Cto. FACV Ind. Primera Xeraco 2014"]
[Site "Xeraco ESP"]
[Date "2014.10.25"]
[Round "4.3"]
[White "Villanueva Claramonte, Ramon"]
[Black "Colomar Alemany, David"]
[Result "0-1"]
[WhiteElo "1823"]
[BlackElo "1804"]
[PlyCount "80"]
[EventDate "2014.09.27"]
[EventType "swiss"]
[EventRounds "7"]
[EventCountry "ESP"]
[Source "lmi"]
[SourceDate "2014.09.27"]

1. d4 d5 2. c4 e6 3. Nc3 Nf6 4. Bg5 Be7 5. Nf3 O-O 6. e3 h6 7. Bh4 b6 8. Rc1
Bb7 9. cxd5 Nxd5 10. Bxe7 Qxe7 11. Bd3 Rc8 12. O-O c5 13. Qe2 Nd7 14. Rfd1 Qf6
15. Ne4 Qe7 16. dxc5 Nxc5 17. Nxc5 Rxc5 18. Bb1 Rac8 19. Qd2 Nf6 20. Rxc5 Qxc5
21. Nd4 g6 22. f3 Qg5 23. Kf2 Qh4+ 24. Kg1 Qg5 25. Kf2 Rd8 26. Qe1 Qe5 27. Ne2
Rxd1 28. Qxd1 Qxh2 29. Qd8+ Kg7 30. Nf4 Qh4+ 31. Ke2 Ba6+ 32. Bd3 Bxd3+ 33.
Qxd3 Qg5 34. Kf2 Qe5 35. Qd2 g5 36. Nd3 Qc7 37. Nb4 Qc4 38. a3 g4 39. Kg1 g3
40. Qe1 Qh4 0-1

[Event "Cto. FACV Ind. Primera Xeraco 2014"]
[Site "Xeraco ESP"]
[Date "2014.10.25"]
[Round "4.4"]
[White "Sifre Montalva, Alfredo"]
[Black "Lopez Rojas, Luis"]
[Result "0-1"]
[WhiteElo "1783"]
[BlackElo "1531"]
[PlyCount "52"]
[EventDate "2014.09.27"]
[EventType "swiss"]
[EventRounds "7"]
[EventCountry "ESP"]
[Source "lmi"]
[SourceDate "2014.09.27"]

1. c4 e5 2. Nc3 Nf6 3. g3 d5 4. cxd5 Nxd5 5. Bg2 Nb6 6. Nf3 Nc6 7. a3 a5 8. O-O
Be7 9. Rb1 O-O 10. b4 axb4 11. axb4 f6 12. b5 Nd4 13. d3 Rb8 14. Nxd4 exd4 15.
Qb3+ Kh8 16. Ne4 Bd7 17. Bb2 f5 18. Nd2 Bf6 19. Nf3 Be8 20. Ba3 Bf7 21. Qc2 Re8
22. Bc5 Ra8 23. Ra1 Qd7 24. Rxa8 Rxa8 25. Qb1 Rd8 26. Nd2 Na4 0-1

[Event "Cto. FACV Ind. Primera Xeraco 2014"]
[Site "Xeraco ESP"]
[Date "2014.10.25"]
[Round "4.5"]
[White "Banuls Perez, Andres"]
[Black "Cerda Revert, Jose Maria"]
[Result "1/2-1/2"]
[WhiteElo "1691"]
[BlackElo "1719"]
[PlyCount "76"]
[EventDate "2014.09.27"]
[EventType "swiss"]
[EventRounds "7"]
[EventCountry "ESP"]
[Source "lmi"]
[SourceDate "2014.09.27"]

1. d4 d5 2. Nf3 Nf6 3. c3 h6 4. Bf4 c6 5. Nbd2 Bf5 6. e3 Nbd7 7. Nb3 e6 8. Bd3
Bxd3 9. Qxd3 Nh5 10. Bg3 Nxg3 11. hxg3 Nf6 12. Nbd2 Bd6 13. e4 dxe4 14. Nxe4
Nxe4 15. Qxe4 Qf6 16. O-O-O O-O-O 17. Qc2 Rhe8 18. Rhe1 Kb8 19. Ne5 Bxe5 20.
Rxe5 Rd5 21. Rde1 Red8 22. R1e3 g6 23. Qe2 h5 24. Rf3 Rxe5 25. Qxe5+ Qxe5 26.
dxe5 Rd7 27. Rf4 Kc7 28. g4 hxg4 29. Rxg4 c5 30. Kc2 Kc6 31. c4 a6 32. Kc3 b5
33. a3 Kb6 34. b4 bxc4 35. bxc5+ Kxc5 36. Rxc4+ Kb6 37. Rf4 Kc5 38. Rc4+ Kb6
1/2-1/2

[Event "Cto. FACV Ind. Primera Xeraco 2014"]
[Site "Xeraco ESP"]
[Date "2014.10.25"]
[Round "4.6"]
[White "Fenollar Bataller, David"]
[Black "Talens Sansaloni, Juan"]
[Result "1/2-1/2"]
[WhiteElo "1851"]
[BlackElo "1598"]
[PlyCount "54"]
[EventDate "2014.09.27"]
[EventType "swiss"]
[EventRounds "7"]
[EventCountry "ESP"]
[Source "lmi"]
[SourceDate "2014.09.27"]

1. b3 Nf6 2. Bb2 d5 3. e3 e6 4. Nf3 Nc6 5. Bb5 Bd7 6. O-O Be7 7. d3 h6 8. Bxc6
Bxc6 9. Ne5 O-O 10. Nxc6 bxc6 11. Nd2 Nd7 12. e4 Bf6 13. Bxf6 Nxf6 14. Qe2 Re8
15. f4 Qe7 16. Nf3 Nd7 17. exd5 cxd5 18. Ne5 f6 19. Nxd7 Qxd7 20. d4 Qd6 21.
Qd3 c5 22. Rad1 Rac8 23. c4 dxc4 24. Qxc4 cxd4 25. Qxd4 Qxd4+ 26. Rxd4 Rc2 27.
Rf2 Rec8 1/2-1/2

[Event "Cto. FACV Ind. Primera Xeraco 2014"]
[Site "Xeraco ESP"]
[Date "2014.10.25"]
[Round "4.7"]
[White "Sala Espi, Antonio"]
[Black "Santamaria Bo, Jose Maria"]
[Result "1-0"]
[WhiteElo "1696"]
[BlackElo "1762"]
[PlyCount "125"]
[EventDate "2014.09.27"]
[EventType "swiss"]
[EventRounds "7"]
[EventCountry "ESP"]
[Source "lmi"]
[SourceDate "2014.09.27"]

1. c4 Nf6 2. Nc3 e6 3. e3 b6 4. Qf3 Nc6 5. d4 Bb4 6. d5 Bxc3+ 7. bxc3 exd5 8.
cxd5 Na5 9. Ba3 d6 10. Bd3 O-O 11. h3 Qe7 12. Ne2 Re8 13. Bb4 Nb7 14. Nd4 Qe5
15. Bb5 Bd7 16. Bxd7 Nxd7 17. O-O Ndc5 18. c4 Nd3 19. Bc3 Qe4 20. Rad1 Nbc5 21.
Qe2 Qg6 22. f4 Qe4 23. Rf3 g6 24. Ba1 a6 25. Qd2 f6 26. Qc3 Rf8 27. Ne2 Rf7 28.
Ng3 Qe7 29. Rxd3 Nxd3 30. Qxd3 Re8 31. f5 Rg7 32. fxg6 Rxg6 33. Nh5 Rf8 34. Bd4
f5 35. Rxf5 Rxf5 36. Qxf5 Qf7 37. Qc8+ Qf8 38. Qxc7 Qf5 39. Nf4 Rg3 40. Qxd6 b5
41. cxb5 axb5 42. Qe6+ Qxe6 43. Nxe6 Rg6 44. g4 Kf7 45. Kg2 Rg8 46. Kg3 Ra8 47.
Nc7 Rxa2 48. Nxb5 Ra5 49. Nc7 Ke7 50. Kf4 Kd6 51. Be5+ Ke7 52. e4 Ra4 53. d6+
Kd7 54. Nd5 Ra2 55. Nf6+ Ke6 56. Bd4 Rd2 57. Ke3 Rh2 58. d7 Rxh3+ 59. Kf4 Ke7
60. Bc5+ Kxf6 61. d8=Q+ Kg6 62. Qg8+ Kf6 63. e5# 1-0